Responses for Show #6635 - Friday, June 21, 2013

Andrew Moore game 5.

Contestants

[<< previous game]

Judy Cole, a data analyst from Concord, Massachusetts

Ben Christenson, an attorney from Chicago, Illinois

Andrew Moore, a test prep instructor from Buford, Georgia (whose 4-day cash winnings total $107,402)

[next game >>]

Jeopardy! Round responses

LAST NAME'S THE SAME
THE U.S. CITY RAINS SUPREME
THE 1970s
(Alex: Identify the sport as we deal with...)
THE INTERNATIONAL WOMEN'S SPORTS HALL OF FAME
IT'S GETTING "LATE"
TIME FOR BED
    $200 20
Swift

Judy
    $200 29
New York

Ben
    $200 28
Agnew

Ben
    $200 23
(Andrew: What is track?)(Judy: What is track and field?)

tennis

AndrewJudy
Triple Stumper
    $200 2
a late hit

Ben
    $200 17
bunk beds

Andrew
    $400 21
Gallo

Andrew
    $400 27
Houston

Andrew
    $400 24
Studio 54

Ben
    $400 7
gymnastics

Andrew
    $400 3
latex

Ben
    $400 30
a hammock

Andrew
    $600 19
Roberts

Judy
    $600 11
Louisville

Andrew
    $600 18
the World Trade Center

Andrew
    $600 6
swimming

Andrew
    $600 4
fashionably late

Andrew
    $600 26
a box spring

Andrew
    $800 12
Baker

Andrew
    $800 10
Memphis

Ben
    $800 8
the Yom Kippur War

Andrew
    $800 5
figure skating

Andrew
    $800 22
latent

Andrew
    $800 25
a four-poster

Ben
    $1000 13
Jenner

Andrew
    $1000 9
Portland

Andrew
    $3,000 14
the Sandinistas

Andrew
    $1000 1
auto racing

Judy
    $1000 15
"What Have You Done For Me Lately"

Triple Stumper
    $1000 16
tatami

Judy

Scores at the first commercial break (after clue 14):

Andrew Ben Judy
$9,600 $1,400 $1,000

Scores at the end of the Jeopardy! Round:

Andrew Ben Judy
$12,800 $3,000 $2,600

Double Jeopardy! Round responses

KING OF THE HILL
(Alex: We'll give you a hill and the year. You tell us who was king or the ruler at that time.)
BUSINESS & FINANCE
THAT ANIMAL IS SOMETHING ELSE
NOVEL CHARACTERS
SONGS GETTING AIR PLAY
ASIAN RELIGION
    $400 14
George III

Ben
    $400 28
Walmart

Andrew
    $400 1
a mole

Judy
    $400 3
The Three Musketeers

Andrew
    $400 7
Elton John

Judy
    $400 30
the east

Andrew
    $800 15
Hirohito

Judy
    $800 27
Barnes & Noble

Judy
    $800 2
ram

Ben
    $800 6
Gulliver's Travels

Ben
    $800 20
Creedence Clearwater Revival

Ben
    $800 29
the swastika

Andrew
    $1200 16
Charlemagne

Ben
    $1200 24
troubled assets

Andrew
    $1200 10
(Andrew: What is a cygnet?)

a seal

Andrew
Triple Stumper
    $1200 8
Kidnapped

Triple Stumper
    $1200 21
a G-6

Andrew
    $1,000 26
Shiva

Andrew
    $1600 17
Peter the Great

Andrew
    $1600 23
a Dreamliner

Ben
    $1600 11
badger

Judy
    $1600 5
The Godfather

Judy
    $1600 19
Balloon

Judy
    $1600 4
the Mahabharata

Andrew
    $3,000 18
(Andrew: Who is [*] II?)
(Alex: King Juan Car--No! Just [*]--not the second--so that cost you.)

Juan Carlos

Andrew
    $2000 22
Zimbabwe

Andrew
    $2000 12
crow

Andrew
    $2000 9
Life of Pi

Ben
    $2000 13
Peter, Paul & Mary

Judy
    $2000 25
(Ben: Who is Bohdisavi?)
...
(Alex: [*]. Yes. Sorry, Ben.)

Bodhisattva

AndrewBen

Scores at the end of the Double Jeopardy! Round:

Andrew Ben Judy
$23,200 $8,600 $11,800

[wagering suggestions for these scores]

Final Jeopardy! Round responses

CARTOON CHARACTERS
BenWho is Betty Boop?
$2,000
JudyWho is Betty Boop?
$11,600
AndrewWho is Betty Boop?
$401
Betty Boop

Final scores:

Andrew Ben Judy
$23,601 $10,600 $23,400
5-day champion: $131,003 3rd place: $1,000 2nd place: $2,000

Game dynamics:

Coryat scores:

Andrew Ben Judy
$24,400 $8,600 $11,800
29 R
(including 2 DDs),
3 W
(including 1 DD)
14 R,
1 W
12 R,
1 W

Combined Coryat: $44,800

[game clues] [game scores] [suggest correction]

Game tape date: 2013-02-12
The J! Archive is created by fans, for fans. Scraping, republication, monetization, and malicious use prohibited; this site may use cookies and collect identifying information. See terms. The Jeopardy! game show and all elements thereof, including but not limited to copyright and trademark thereto, are the property of Jeopardy Productions, Inc. and are protected under law. This website is not affiliated with, sponsored by, or operated by Jeopardy Productions, Inc. Join the discussion at JBoard.tv.